Southville International School and Colleges
Your cart is empty.
  • Cart
  • Lists
    Public lists Eva Luna New books Lux_list list_1
    Your lists Log in to create your own lists
  • Log in to your account
  • Your cookies
  • Search history
Southville International School and Colleges
  • Advanced search
  • Recent comments
  • Most popular
  • Libraries

Log in to your account

Log in with GOOGLE


If you do not have an external account, but do have a local account, you can still log in:

  1. Home
  2. MARC view: Blueprint for your library marketing plan
Normal view MARC view ISBD view

Blueprint for your library marketing plan (Record no. 15707)

[ view plain ]
MARC details
000 -LEADER
fixed length control field 01406cam a2200385 a 4500
001 - CONTROL NUMBER
control field 13979005
003 - CONTROL NUMBER IDENTIFIER
control field OSt
005 - DATE AND TIME OF LATEST TRANSACTION
control field 20140310182749.0
008 - FIXED-LENGTH DATA ELEMENTS--GENERAL INFORMATION
fixed length control field 050523s2006 ilu b 001 0 eng
010 ## - LIBRARY OF CONGRESS CONTROL NUMBER
LC control number 2005015016
020 ## - INTERNATIONAL STANDARD BOOK NUMBER
International Standard Book Number 0838909094
040 ## - CATALOGING SOURCE
Original cataloging agency DLC
Transcribing agency DLC
Modifying agency DLC
043 ## - GEOGRAPHIC AREA CODE
Geographic area code n-us---
050 00 - LIBRARY OF CONGRESS CALL NUMBER
Classification number Z 716.3
Item number .F533 2006
082 00 - DEWEY DECIMAL CLASSIFICATION NUMBER
Classification number M 021.7
Item number F57 2006
100 1# - MAIN ENTRY--PERSONAL NAME
Personal name Fisher, Patricia H.
Fuller form of name (Patricia Holts)
245 10 - TITLE STATEMENT
Title Blueprint for your library marketing plan
Remainder of title a guide to help you survive and thrive
Statement of responsibility, etc Fisher, Patricia H.
260 ## - PUBLICATION, DISTRIBUTION, ETC. (IMPRINT)
Place of publication, distribution, etc Chicago
Name of publisher, distributor, etc American Library Association
Date of publication, distribution, etc c2006
300 ## - PHYSICAL DESCRIPTION
Extent 135 p.
Dimensions 28 cm.
504 ## - BIBLIOGRAPHY, ETC. NOTE
Bibliography, etc Includes bibliographical references and index.
521 ## - TARGET AUDIENCE NOTE
Target audience note
526 ## - STUDY PROGRAM INFORMATION NOTE
Reading level 1210L-1700L
541 ## - IMMEDIATE SOURCE OF ACQUISITION NOTE
-- 1
562 ## - COPY AND VERSION IDENTIFICATION NOTE
Number of copies 1
650 #0 - SUBJECT ADDED ENTRY--TOPICAL TERM
Topical term or geographic name as entry element Libraries
Geographic subdivision United States
General subdivision Marketing.
650 #0 - SUBJECT ADDED ENTRY--TOPICAL TERM
Topical term or geographic name as entry element Libraries
General subdivision Public relations
Geographic subdivision United States.
650 #0 - SUBJECT ADDED ENTRY--TOPICAL TERM
Topical term or geographic name as entry element Library planning
Geographic subdivision United States.
650 #0 - SUBJECT ADDED ENTRY--TOPICAL TERM
Topical term or geographic name as entry element Strategic planning
Geographic subdivision United States.
700 1# - ADDED ENTRY--PERSONAL NAME
Personal name Pride, Marseille M.
Fuller form of name (Marseille Miles)
700 1# - ADDED ENTRY--PERSONAL NAME
Personal name Miller, Ellen G.
856 41 - ELECTRONIC LOCATION AND ACCESS
Materials specified Table of contents
Uniform Resource Identifier <a href="http://www.loc.gov/catdir/toc/ecip0513/2005015016.html">http://www.loc.gov/catdir/toc/ecip0513/2005015016.html</a>
906 ## - LOCAL DATA ELEMENT F, LDF (RLIN)
a 7
b cbc
c orignew
d 1
e ecip
f 20
g y-gencatlg
942 ## - ADDED ENTRY ELEMENTS (KOHA)
Source of classification or shelving scheme Library of Congress Classification
Koha item type Books
Call number prefix
Holdings
Withdrawn status Lost status Source of classification or shelving scheme Damaged status Home library Current library Shelving location Date acquired Total Checkouts Full call number Barcode Date last seen Copy number Price effective from Koha item type
    Library of Congress Classification   College Library College Library General Circulation Section 06/15/2012   Z 716.3 .F533 2006 c14882 05/15/2018 1 06/15/2012 Books

Blueprint for your library marketing plan

APA

Fisher P. H., Pride M. M. & Miller E. G. (2006). Blueprint for your library marketing plan. Chicago: American Library Association.

Chicago

Fisher Patricia H, Pride Marseille M and Miller Ellen G. 2006. Blueprint for your library marketing plan. Chicago: American Library Association.

Harvard

Fisher P. H., Pride M. M. and Miller E. G. (2006). Blueprint for your library marketing plan. Chicago: American Library Association.

MLA

Fisher Patricia H, Pride Marseille M and Miller Ellen G. Blueprint for your library marketing plan. Chicago: American Library Association. 2006.

  • Place hold
  • Print
  • Cite
  • Add to your cart (remove)
  • Save record
    BIBTEX Dublin Core MARCXML MARC (non-Unicode/MARC-8) MARC (Unicode/UTF-8) MARC (Unicode/UTF-8, Standard) MODS (XML) RIS
  • More searches
    Search for this title in:
    Other Libraries (WorldCat) Other Databases (Google Scholar) Online Stores (Bookfinder.com) Open Library (openlibrary.org)

Exporting to Dublin Core...

SOUTHVILLE LIBRARY

Southville International School and Colleges Library

1281 Tropical Ave. Cor. Luxembourg St., BF Homes International, Las Pinas City

Tel. No. 8256374 / 252358 Loc. 117/146

Powered by Koha